[Event "New York President's Day IM-C"]
[Site "New York"]
[Date "2024.02.15"]
[Round "1"]
[White "Meduri, Aakaash"]
[Black "Lapshun, Yury"]
[Result "0-1"]
[WhiteElo "1989"]
[BlackElo "2337"]
[PlyCount "120"]
[EventDate "2024.02.15"]
[EventType "schev"]
[EventRounds "9"]
[EventCountry "USA"]
[SourceTitle "CB08_2024"]
[SourceDate "2024.02.21"]
[SourceVersion "1"]
[SourceVersionDate "2024.02.21"]
[SourceQuality "1"]

1. Nf3 d5 2. g3 c6 3. Bg2 Nf6 4. 0-0 Bf5 5. b3 e6 6. Bb2 Nbd7 7. d3 Be7 8. Nbd2 0-0 9. Qe1 h6 10. e4 dxe4 11. dxe4 Bh7 12. Rd1 Qc7 13. e5 Nd5 14. c4 Nb4 15. Ne4 Bxe4 16. Qxe4 Nxa2 17. Nd4 Rfd8 18. f4 Nc5 19. Qb1 Nb4 20. f5 Bg5 21. fxe6 fxe6 22. Qg6 Qe7 23. Bh3 Be3+ 24. Kg2 Qe8 25. Bxe6+ Nxe6 26. Qxe6+ Qxe6 27. Nxe6 Rd3 28. Ba3 Rxd1 29. Rxd1 Nc2 30. Bd6 Bb6 31. Kf3 Re8 32. Nc7 Rc8 33. Ne6 Kf7 34. Nc5 Bxc5 35. Bxc5 b6 36. Rd7+ Kg6 37. Bf2 Rf8+ 38. Ke2 Re8 39. Kd2 Rf8 40. Bxb6 axb6 41. Kxc2 Rf2+ 42. Kc3 Rxh2 43. Rd6+ Kf5 44. Rxc6 Rh3 45. Rxb6 Rxg3+ 46. Kd4 h5 47. c5 Rg1 48. e6 h4 49. e7 Rd1+ 50. Kc4 Re1 51. Rb7 Kf6 52. c6 h3 53. c7 h2 54. Kb5 h1Q 55. c8Q Qd5+ 56. Kb6 Qd4+ 57. Ka6 Ra1+ 58. Kb5 Qd5+ 59. Kb6 Qa5+ 60. Kc6 Rc1+ 0-1

[Event "Riga Tech op 11th"]
[Site "Riga"]
[Date "2022.08.21"]
[Round "9"]
[White "Meskovs, Nikita"]
[Black "Lapshun, Yury"]
[Result "1/2-1/2"]
[WhiteElo "2554"]
[BlackElo "2382"]
[PlyCount "231"]
[EventDate "2022.08.15"]
[EventType "swiss"]
[EventRounds "9"]
[EventCountry "LAT"]
[SourceTitle "CBM 209 Extra"]
[Source "ChessBase"]
[SourceDate "2022.09.30"]
[SourceVersion "1"]
[SourceVersionDate "2022.09.30"]
[SourceQuality "1"]

1. d4 Nf6 2. c4 e6 3. Nf3 Bb4+ 4. Nbd2 0-0 5. a3 Bxd2+ 6. Bxd2 b6 7. Bg5 Bb7 8. e3 d6 9. Bd3 Nbd7 10. 0-0 c5 11. Bh4 Qc7 12. Bg3 e5 13. Nd2 cxd4 14. exd4 Rfe8 15. Re1 exd4 16. Rxe8+ Rxe8 17. Nb3 Be4 18. Nxd4 Bxd3 19. Qxd3 Ne5 20. Bxe5 dxe5 21. Nb5 Rd8 22. Qe2 Qe7 23. Rd1 a5 24. Nc3 e4 25. h3 Re8 26. Qe3 Qc7 27. b3 h6 28. Nb5 Qc5 29. Qxc5 bxc5 30. Kf1 e3 31. Re1 exf2 32. Rxe8+ Nxe8 33. Na7 Nd6 34. Nc6 a4 35. bxa4 Nxc4 36. a5 Nxa3 37. a6 Nb5 38. a7 Nc7 39. Kxf2 Kf8 40. Nb8 Ke7 41. Na6 Na8 42. Nxc5 Kd6 43. Nd3 Kc7 44. Ne5 f6 45. Nc4 Kb7 46. Nd6+ Kxa7 47. Ne8 g6 48. Nxf6 Kb7 49. Ng4 Kc7 50. Ne5 Kd6 51. Nxg6 Ke6 52. Kf3 Kf6 53. Nf4 Nc7 54. Ke4 Ne8 55. Nd5+ Ke6 56. Ne3 Nd6+ 57. Kf4 Kf6 58. g4 Nf7 59. h4 Nd8 60. Nd5+ Ke6 61. Nc7+ Kf6 62. Ne8+ Ke7 63. Ng7 Kf6 64. Nh5+ Ke6 65. Ke4 Nc6 66. Ng7+ Kf6 67. Nf5 Kg6 68. Kf4 Nb4 69. h5+ Kh7 70. Ke4 Nc6 71. Nd4 Nd8 72. Kd5 Nf7 73. Nf3 Kg7 74. Ke6 Nd8+ 75. Kd7 Nb7 76. Ke7 Nc5 77. Nd4 Ne4 78. Nf5+ Kh7 79. Kf8 Nf6 80. Ne3 Nd7+ 81. Ke7 Ne5 82. Kf6 Nf3 83. Nc4 Ng5 84. Nd6 Nf3 85. Ne4 Nh2 86. Kf5 Nf3 87. Kf4 Nd4 88. Ke5 Nf3+ 89. Ke6 Kg7 90. Nd6 Nh2 91. Nf5+ Kh7 92. Ne3 Nf3 93. Kf6 Nh2 94. Kf7 Nf3 95. Nc4 Ng5+ 96. Kf8 Ne6+ 97. Ke7 Ng5 98. Nd6 Kg7 99. Ne8+ Kh7 100. Kf8 Ne6+ 101. Kf7 Ng5+ 102. Ke7 Kg8 103. Nc7 Nf3 104. Kf6 Nh2 105. Kf5 Nf3 106. Ne8 Kf7 107. Nd6+ Kg7 108. Kf4 Ng5 109. Ne4 Nxe4 110. Kxe4 Kf6 111. Kf4 Ke6 112. g5 hxg5+ 113. Kxg5 Kf7 114. h6 Kg8 115. Kg6 Kh8 116. h7 1/2-1/2

[Event "Riga Tech op 11th"]
[Site "Riga"]
[Date "2022.08.16"]
[Round "3"]
[White "Tulchynskyi, Feliks"]
[Black "Lapshun, Yury"]
[Result "0-1"]
[WhiteElo "2146"]
[BlackElo "2382"]
[PlyCount "104"]
[EventDate "2022.08.15"]
[EventType "swiss"]
[EventRounds "9"]
[EventCountry "LAT"]
[SourceTitle "CBM 209 Extra"]
[Source "ChessBase"]
[SourceDate "2022.09.30"]
[SourceVersion "1"]
[SourceVersionDate "2022.09.30"]
[SourceQuality "1"]

1. d4 Nf6 2. g3 e6 3. Bg2 c5 4. Nf3 cxd4 5. Nxd4 d5 6. 0-0 e5 7. Nf3 Nc6 8. c4 d4 9. e3 Be7 10. exd4 exd4 11. Bf4 0-0 12. Ne5 Qb6 13. Qb3 Na5 14. Qxb6 axb6 15. Nd2 Nh5 16. Nb3 Bf6 17. Nxa5 Nxf4 18. gxf4 Rxa5 19. Rfe1 g5 20. Nd3 gxf4 21. Nxf4 d3 22. Nxd3 Bf5 23. Rad1 Rd8 24. Nb4 Rxd1 25. Rxd1 Bxb2 26. Bxb7 Ba3 27. Nc6 Ra4 28. Rd8+ Kg7 29. Ra8 Rxa8 30. Bxa8 Be4 31. Bb7 Kf6 32. h4 h5 33. Kh2 Bb1 34. Nd4 Bxa2 35. Bd5 Bc5 36. Ne2 b5 37. Ng3 Bd6 38. Kg2 Bxg3 39. fxg3 bxc4 40. Kf2 c3 41. Be4 Ke5 42. Bc2 Be6 43. Ke3 Bf5 44. Bb3 Bg6 45. Ba2 Kd6 46. Bc4 Kc5 47. Be2 Kb4 48. g4 Ka3 49. Bd1 hxg4 50. Kf4 f5 51. h5 Bxh5 52. Kg5 g3 0-1

[Event "Riga Tech Rapid op"]
[Site "Riga"]
[Date "2022.08.14"]
[Round "8"]
[White "Lapshun, Yury"]
[Black "Laurusas, Tomas"]
[Result "0-1"]
[WhiteElo "2382"]
[BlackElo "2573"]
[PlyCount "86"]
[EventDate "2022.08.14"]
[EventType "swiss (rapid)"]
[EventRounds "9"]
[EventCountry "LAT"]
[SourceTitle "CBM 209 Extra"]
[Source "ChessBase"]
[SourceDate "2022.09.30"]
[SourceVersion "1"]
[SourceVersionDate "2022.09.30"]
[SourceQuality "1"]

1. b4 d5 2. Bb2 Bg4 3. Qc1 Nf6 4. e3 Nbd7 5. c4 e6 6. a3 a5 7. c5 Be7 8. Be2 Bxe2 9. Nxe2 0-0 10. 0-0 c6 11. Nbc3 Ne5 12. Qb1 Qc7 13. f4 Ned7 14. d4 b6 15. Qc2 Rfb8 16. Rfb1 Rb7 17. Nc1 bxc5 18. bxc5 Rab8 19. Nd3 Ne4 20. Nxe4 dxe4 21. Nf2 f5 22. Bc3 Bd8 23. Qa2 Kf7 24. Nd1 Nf6 25. Bd2 a4 26. Nc3 g5 27. Rxb7 Rxb7 28. Nxa4 gxf4 29. exf4 Nd5 30. Nc3 Nxc3 31. Bxc3 Qxf4 32. Qe2 Bf6 33. Rf1 Qg5 34. Kh1 Rb3 35. Bb2 Qe3 36. Qh5+ Kg7 37. Bc1 Rb1 38. Bxe3 Rxf1+ 39. Bg1 Bxd4 40. h4 Rxg1+ 41. Kh2 Re1 42. Qg5+ Kf7 43. Qg3 Bg1+ 0-1

[Event "Riga Tech Rapid op"]
[Site "Riga"]
[Date "2022.08.14"]
[Round "1"]
[White "Muradyan, Anahit"]
[Black "Lapshun, Yury"]
[Result "0-1"]
[WhiteElo "1667"]
[BlackElo "2382"]
[PlyCount "72"]
[EventDate "2022.08.14"]
[EventType "swiss (rapid)"]
[EventRounds "9"]
[EventCountry "LAT"]
[SourceTitle "CBM 209 Extra"]
[Source "ChessBase"]
[SourceDate "2022.09.30"]
[SourceVersion "1"]
[SourceVersionDate "2022.09.30"]
[SourceQuality "1"]

1. d4 b6 2. c4 Bb7 3. Nc3 e6 4. Nf3 Bb4 5. Bf4 Bxc3+ 6. bxc3 f5 7. e3 Nf6 8. h3 Qc8 9. Be2 d6 10. 0-0 0-0 11. Qb3 Ne4 12. Rfd1 Kh8 13. Nd2 Nxd2 14. Rxd2 Nc6 15. Qc2 e5 16. Bh2 Qe8 17. Rb1 Qg6 18. d5 Ne7 19. Bf3 Bc8 20. Kh1 Bd7 21. Rdd1 Ng8 22. Be2 Qe8 23. Qd2 Nf6 24. f3 g5 25. e4 f4 26. Qe1 Qg6 27. Bf1 Rf7 28. Kg1 Rg8 29. Kf2 h5 30. Ke2 g4 31. hxg4 hxg4 32. Kd2 Rh7 33. Bg1 gxf3 34. gxf3 Qxg1 35. Be2 Qe3+ 36. Kc2 Ba4+ 0-1

[Event "Suwalki Warakomska Memorial 6th"]
[Site "Suwalki"]
[Date "2022.08.03"]
[Round "1"]
[White "Backiel, Hubert"]
[Black "Lapshun, Yury"]
[Result "1/2-1/2"]
[WhiteElo "2127"]
[BlackElo "2382"]
[PlyCount "155"]
[EventDate "2022.08.03"]
[EventType "swiss"]
[EventRounds "9"]
[EventCountry "POL"]
[SourceTitle "CBM 209 Extra"]
[Source "ChessBase"]
[SourceDate "2022.09.30"]
[SourceVersion "1"]
[SourceVersionDate "2022.09.30"]
[SourceQuality "1"]

1. e4 c5 2. Nf3 e6 3. d4 cxd4 4. Nxd4 Nc6 5. Nc3 Qc7 6. g3 a6 7. Bg2 b5 8. 0-0 Bb7 9. a3 Nf6 10. Re1 Nxd4 11. Qxd4 Bc5 12. Bf4 d6 13. Qd2 Ng4 14. Nd1 Ne5 15. Qe2 0-0 16. Be3 f5 17. f4 Nc4 18. Bxc5 Qxc5+ 19. Qf2 Qxf2+ 20. Kxf2 fxe4 21. b3 Na5 22. Bxe4 e5 23. a4 d5 24. axb5 dxe4 25. Rxa5 exf4 26. bxa6 e3+ 27. Kg1 Rxa6 28. Rxa6 Bxa6 29. gxf4 e2 30. Ne3 g5 31. f5 Rc8 32. Kf2 Rc3 33. Nd5 Rh3 34. Kg2 g4 35. Nf6+ Kf7 36. Nxg4 Rc3 37. Kf2 Rxc2 38. Ra1 Bb5 39. Ra7+ Ke8 40. Ra8+ Kd7 41. Ne5+ Ke7 42. Nf3 Rc3 43. Ra1 Kf6 44. Nd4 Bd3 45. b4 Ke5 46. Nxe2 Rc2 47. Re1 Rb2 48. Kf3 Be4+ 49. Kg4 Bxf5+ 50. Kg5 Bd7 51. Nf4+ Kd6 52. Rd1+ Kc6 53. Nd3 Rg2+ 54. Kf6 Be8 55. h4 Rh2 56. Ne5+ Kb5 57. Rd4 Rg2 58. Rf4 Bh5 59. Nd7 Be2 60. Nf8 Bd3 61. Ne6 Rg6+ 62. Ke5 Bc4 63. Ng5 Rg7 64. Kf6 Rd7 65. h5 Be2 66. h6 Rd6+ 67. Ne6 Bc4 68. Re4 Kxb4 69. Kg7 Kc3 70. Nf8 Bd3 71. Re6 Rd4 72. Rf6 Rd5 73. Nxh7 Rd7+ 74. Rf7 Rxf7+ 75. Kxf7 Bxh7 76. Kg7 Be4 77. h7 Bxh7 78. Kxh7 1/2-1/2

[Event "Barcelona Sants op 20th"]
[Site "Barcelona"]
[Date "2018.08.21"]
[Round "5"]
[White "Roig Aguilar, Alejandro"]
[Black "Lapshun, Yury"]
[Result "0-1"]
[WhiteElo "2282"]
[BlackElo "2403"]
[PlyCount "42"]
[EventDate "2018.08.17"]
[EventType "swiss"]
[EventRounds "10"]
[EventCountry "ESP"]
[SourceTitle "CBM 186 Extra"]
[Source "ChessBase"]
[SourceDate "2018.08.24"]
[SourceVersion "1"]
[SourceVersionDate "2018.08.24"]
[SourceQuality "1"]

1. d4 Nf6 2. c4 e6 3. Nc3 Bb4 4. Qc2 0-0 5. e4 c5 6. a3 Ba5 7. e5 Bxc3+ 8. bxc3 Ne8 9. Bd3 f5 10. Nf3 b6 11. h4 d6 12. h5 cxd4 13. cxd4 dxe5 14. Nxe5 Bb7 15. Bb2 Nd7 16. f4 Nef6 17. d5 Nxe5 18. Bxe5 Ng4 19. Bb2 exd5 20. Qc3 d4 21. Qb4 Bxg2 0-1

[Event "Barcelona Sants op 20th"]
[Site "Barcelona"]
[Date "2018.08.19"]
[Round "3"]
[White "Nisipeanu, Liviu Dieter"]
[Black "Lapshun, Yury"]
[Result "1-0"]
[WhiteElo "2657"]
[BlackElo "2403"]
[PlyCount "137"]
[EventDate "2018.08.17"]
[EventType "swiss"]
[EventRounds "10"]
[EventCountry "ESP"]
[SourceTitle "CBM 186 Extra"]
[Source "ChessBase"]
[SourceDate "2018.08.24"]
[SourceVersion "1"]
[SourceVersionDate "2018.08.24"]
[SourceQuality "1"]

1. d4 Nf6 2. Nc3 d5 3. Bf4 c5 4. e3 cxd4 5. exd4 a6 6. Bd3 Nc6 7. Nge2 e6 8. Qd2 Bd7 9. a3 Be7 10. f3 b5 11. g4 h6 12. h4 Qb6 13. Qe3 0-0-0 14. a4 Bb4 15. axb5 axb5 16. Kf2 e5 17. Bxe5 Nxe5 18. Qxe5 Bd6 19. Nxd5 Qb8 20. Ne7+ Kc7 21. Qe3 Rde8 22. Ra6 Rxe7 23. Qd2 Kd8 24. Rha1 Bc8 25. Ra8 Qb7 26. R1a6 Bc7 27. Bf5 Nd7 28. Nc3 Bb8 29. d5 b4 30. Ne4 Rhe8 31. c4 bxc3 32. bxc3 Nb6 33. Bxc8 Nxc8 34. d6 Rxe4 35. fxe4 Rxe4 36. c4 Kd7 37. c5 Ba7 38. R8xa7 Nxa7 39. Rb6 Qa8 40. Qd3 Rf4+ 41. Kg3 g5 42. hxg5 hxg5 43. Qa3 Ke6 44. d7+ Kxd7 45. c6+ Kc7 46. Rb7+ Qxb7 47. cxb7 Nc6 48. Qa8 Nb8 49. Qa5+ Kxb7 50. Qb5+ Kc7 51. Qe5+ Kb7 52. Qe7+ Ka8 53. Qxg5 Rd4 54. Qf6 Rd7 55. Qb6 Ra7 56. g5 Ra6 57. Qb3 Ra7 58. Qd5+ Rb7 59. Kf4 Na6 60. Qa5 Ka7 61. Kf5 Rc7 62. Kf6 Rb7 63. Qa2 Kb6 64. Qxf7 Nc5 65. Qe8 Nd7+ 66. Ke6 Nc5+ 67. Kf5 Rd7 68. Qxd7 Nxd7 69. g6 1-0

[Event "Riga Tech op 8th"]
[Site "Riga"]
[Date "2018.08.09"]
[Round "6"]
[White "Priyanka, Nutakki"]
[Black "Lapshun, Yury"]
[Result "1/2-1/2"]
[WhiteElo "2212"]
[BlackElo "2403"]
[PlyCount "199"]
[EventDate "2018.08.06"]
[EventType "swiss"]
[EventRounds "9"]
[EventCountry "LAT"]
[SourceTitle "CBM 185 Extra"]
[Source "ChessBase"]
[SourceDate "2018.07.29"]
[SourceVersion "1"]
[SourceVersionDate "2018.07.29"]
[SourceQuality "1"]

1. e4 Nf6 2. e5 Nd5 3. c4 Nb6 4. c5 Nd5 5. Nc3 c6 6. Nxd5 cxd5 7. d4 b6 8. cxb6 Qxb6 9. Nf3 e6 10. Be2 Nc6 11. 0-0 Be7 12. Rb1 a5 13. Be3 0-0 14. h4 Ba6 15. Bxa6 Qxa6 16. h5 h6 17. Nh2 f5 18. exf6 Bxf6 19. Ng4 Ne7 20. Nxf6+ Rxf6 21. g4 d6 22. Rc1 Qb7 23. Qc2 Rc8 24. Qb3 Qxb3 25. Rxc8+ Nxc8 26. axb3 Na7 27. Ra1 Nc6 28. Rc1 Nb4 29. Rc7 Rf7 30. Rc8+ Rf8 31. Rc7 e5 32. Kg2 Rf7 33. Rc8+ Kh7 34. Kg3 Nd3 35. Ra8 exd4 36. Bxd4 Nc1 37. Be3 Nxb3 38. Rb8 a4 39. Rb4 Re7 40. Kf3 Rf7+ 41. Kg3 Nc5 42. Rd4 Ne4+ 43. Kg2 Nf6 44. Rxa4 Rb7 45. Kf3 Rxb2 46. Ra6 Rb4 47. Rxd6 Nxg4 48. Rxd5 Nf6 49. Ra5 Rh4 50. Kg3 Rxh5 51. Rxh5 Nxh5+ 52. Kg2 Kg6 53. Kf3 Kf5 54. Bd2 Nf6 55. Be3 Ng4 56. Ba7 Ne5+ 57. Kg3 Ke4 58. Be3 Kf5 59. Bd4 g6 60. Be3 h5 61. Kh4 Nf3+ 62. Kg3 Ke4 63. Bb6 g5 64. Bd8 g4 65. Bb6 Kf5 66. Bd8 Ke5 67. Bb6 Kf5 68. Bd8 Nd2 69. Kh4 Kg6 70. Kg3 Ne4+ 71. Kg2 Nd2 72. Kg3 Nf3 73. Kf4 Nd4 74. Kg3 Kf5 75. Kh4 Ne6 76. Bb6 Kg6 77. Kg3 Ng5 78. Bd8 Nf3 79. Bb6 Kf5 80. Bd8 Ke4 81. Bb6 Kd3 82. Bc5 Ke2 83. Bb6 Kf1 84. Bd8 Kg1 85. Bb6 Kf1 86. Bd8 Ke2 87. Bc7 Kd3 88. Bb6 Ke4 89. Bc7 Kf5 90. Bd8 Nd4 91. Kh4 Kg6 92. Kg3 Kh6 93. Kg2 Nf5 94. f3 g3 95. Kh3 Kg6 96. Bc7 h4 97. Bd8 Kh5 98. Bxh4 Nxh4 99. Kxg3 Nxf3 100. Kxf3 1/2-1/2

[Event "Riga Tech op 8th"]
[Site "Riga"]
[Date "2018.08.08"]
[Round "4"]
[White "Lapshun, Yury"]
[Black "Lobanov, Sergei"]
[Result "1/2-1/2"]
[WhiteElo "2403"]
[BlackElo "2531"]
[PlyCount "109"]
[EventDate "2018.08.06"]
[EventType "swiss"]
[EventRounds "9"]
[EventCountry "LAT"]
[SourceTitle "CBM 185 Extra"]
[Source "ChessBase"]
[SourceDate "2018.07.29"]
[SourceVersion "1"]
[SourceVersionDate "2018.07.29"]
[SourceQuality "1"]

1. e4 c5 2. Nc3 Nc6 3. g3 g6 4. Bg2 Bg7 5. d3 e5 6. f4 d6 7. Nf3 Nge7 8. 0-0 0-0 9. Be3 Nd4 10. Qd2 Bg4 11. Ng5 f6 12. Nf3 Qd7 13. Rae1 Be6 14. a3 Rae8 15. Kh1 b6 16. b4 Rc8 17. bxc5 bxc5 18. Rb1 Rb8 19. Ng1 Rb6 20. Rxb6 axb6 21. Rb1 Qa7 22. a4 Qa5 23. Nb5 Qxa4 24. Nxd6 Qc6 25. Bxd4 cxd4 26. Nb5 Bh6 27. Qb4 Nc8 28. Rb2 Qc5 29. Qxc5 bxc5 30. Nc7 Bd7 31. Na6 c4 32. Nc5 Bg4 33. Bf3 Bxf3+ 34. Nxf3 cxd3 35. cxd3 exf4 36. gxf4 Re8 37. Nd7 Kf7 38. e5 Bxf4 39. Nxf6 Rd8 40. Nxh7 Ke6 41. Nhg5+ Kf5 42. Rg2 Rd5 43. Nh4+ Kxe5 44. Nxg6+ Kf5 45. Nh4+ Ke5 46. Nhf3+ Kf5 47. Ne4 Nd6 48. Nh4+ Ke6 49. Rg6+ Ke7 50. Rg4 Be3 51. Rg7+ Kd8 52. Rg8+ Kc7 53. Rg7+ Kd8 54. Rg8+ Kc7 55. Rg7+ 1/2-1/2

[Event "Barcelona Sants op-A18th"]
[Site "Barcelona"]
[Date "2016.08.27"]
[Round "9"]
[White "Lapshun, Yury"]
[Black "Ortiz Suarez, Isan Reynaldo"]
[Result "1-0"]
[WhiteElo "2396"]
[BlackElo "2564"]
[PlyCount "81"]
[EventDate "2016.08.19"]
[EventType "swiss"]
[EventRounds "10"]
[EventCountry "ESP"]
[SourceTitle "EXT 2017"]
[Source "ChessBase"]
[SourceDate "2016.10.25"]
[SourceVersion "1"]
[SourceVersionDate "2016.10.25"]
[SourceQuality "1"]

1. e4 c5 2. Nf3 d6 3. d4 cxd4 4. Nxd4 Nf6 5. Nc3 a6 6. h3 e6 7. g4 h6 8. Bg2 Nc6 9. Be3 Be7 10. f4 Nd7 11. 0-0 Nxd4 12. Qxd4 0-0 13. Qd2 Rb8 14. Ba7 Ra8 15. Be3 b5 16. h4 Bb7 17. g5 hxg5 18. hxg5 Re8 19. Rad1 Bf8 20. Qf2 b4 21. Na4 Rc8 22. Nb6 Nxb6 23. Bxb6 Qd7 24. Rd3 Rc6 25. Bd4 e5 26. Qh4 Rxc2 27. f5 Rxg2+ 28. Kxg2 Bxe4+ 29. Qxe4 exd4 30. Qxd4 Re2+ 31. Rf2 Qe7 32. g6 Re5 33. Rg3 Qb7+ 34. Kh2 Re4 35. Qd1 d5 36. Qh5 Bd6 37. Qh7+ Kf8 38. f6 Bxg3+ 39. Kg2 gxf6 40. g7+ Ke7 41. g8Q 1-0

[Event "Barcelona Sants op-A18th"]
[Site "Barcelona"]
[Date "2016.08.25"]
[Round "7"]
[White "Lapshun, Yury"]
[Black "Baghdasaryan, Vahe"]
[Result "0-1"]
[WhiteElo "2396"]
[BlackElo "2488"]
[PlyCount "108"]
[EventDate "2016.08.19"]
[EventType "swiss"]
[EventRounds "10"]
[EventCountry "ESP"]
[SourceTitle "CBM 174 Extra"]
[Source "ChessBase"]
[SourceDate "2016.10.10"]
[SourceVersion "1"]
[SourceVersionDate "2016.10.10"]
[SourceQuality "1"]

1. d4 e6 2. e4 d5 3. exd5 exd5 4. Bd3 Nf6 5. c3 Bd6 6. Nf3 0-0 7. 0-0 Bg4 8. Bg5 h6 9. Bh4 g5 10. Bg3 Ne4 11. Qb3 Bxf3 12. Qxb7 Nd7 13. gxf3 Nef6 14. Qc6 Rb8 15. b4 Rb6 16. Qa4 Nh5 17. Bf5 Ndf6 18. Nd2 Bf4 19. Bxf4 Nxf4 20. Rfe1 N6h5 21. Re3 Ng7 22. Qc2 Rf6 23. Bd3 Nh3+ 24. Kg2 Qd7 25. Rf1 Rf4 26. Kh1 Rh4 27. f4 Nxf4 28. Nf3 Rh5 29. Ne5 Qd6 30. Rg3 f6 31. Bh7+ Kh8 32. Ng6+ Nxg6 33. Bxg6 Rh4 34. Bf5 Qf4 35. Bd3 Re8 36. Qc1 Qd6 37. Re1 Rf8 38. Qe3 f5 39. Qe7 Re4 40. Rxe4 fxe4 41. Qxd6 cxd6 42. Ba6 Rxf2 43. Bb7 Nh5 44. Rg2 Rf3 45. Rc2 Nf4 46. Ba6 g4 47. a4 h5 48. Kg1 h4 49. Bf1 e3 50. a5 g3 51. hxg3 hxg3 52. b5 g2 53. Bxg2 e2 54. Rc1 Re3 0-1

[Event "Barcelona Sants op-A18th"]
[Site "Barcelona"]
[Date "2016.08.24"]
[Round "6"]
[White "Jakubowski, Krzysztof"]
[Black "Lapshun, Yury"]
[Result "1/2-1/2"]
[WhiteElo "2548"]
[BlackElo "2396"]
[PlyCount "82"]
[EventDate "2016.08.19"]
[EventType "swiss"]
[EventRounds "10"]
[EventCountry "ESP"]
[SourceTitle "CBM 174 Extra"]
[Source "ChessBase"]
[SourceDate "2016.10.10"]
[SourceVersion "1"]
[SourceVersionDate "2016.10.10"]
[SourceQuality "1"]

1. d4 Nf6 2. c4 e6 3. Nc3 d5 4. Bg5 Be7 5. e3 Nbd7 6. Nf3 c6 7. Qc2 0-0 8. 0-0-0 b5 9. cxb5 c5 10. e4 Bb7 11. Bxf6 Bxf6 12. exd5 exd5 13. Kb1 c4 14. h4 a6 15. Ng5 g6 16. bxa6 Rxa6 17. f4 Nb6 18. g4 Bc6 19. Nxh7 Kxh7 20. h5 Kg7 21. g5 Be7 22. hxg6 fxg6 23. Rh6 Qd6 24. Re1 Nc8 25. Qh2 Kf7 26. Bh3 Bd7 27. Re5 Ke8 28. Rxd5 Bxh3 29. Rxd6 Bf5+ 30. Ka1 Rxd6 31. d5 Bd3 32. Rh8 Rd7 33. a4 Nd6 34. Rxf8+ Bxf8 35. Qf2 Nb7 36. Qb6 Nc5 37. Ka2 Nb3 38. Qe6+ Be7 39. Qg8+ Bf8 40. Qe6+ Be7 41. Qg8+ Bf8 1/2-1/2

[Event "Barcelona Sants op-A18th"]
[Site "Barcelona"]
[Date "2016.08.19"]
[Round "1"]
[White "Vargas, Gabriela"]
[Black "Lapshun, Yury"]
[Result "0-1"]
[WhiteElo "2050"]
[BlackElo "2396"]
[PlyCount "92"]
[EventDate "2016.08.19"]
[EventType "swiss"]
[EventRounds "10"]
[EventCountry "ESP"]
[SourceTitle "CBM 174 Extra"]
[Source "ChessBase"]
[SourceDate "2016.10.10"]
[SourceVersion "1"]
[SourceVersionDate "2016.10.10"]
[SourceQuality "1"]

1. d4 Nf6 2. Bg5 e6 3. e3 b6 4. Bd3 Bb7 5. Nf3 c5 6. c3 Be7 7. Nbd2 d6 8. 0-0 Nbd7 9. Re1 0-0 10. a4 a6 11. e4 h6 12. Bxf6 Nxf6 13. Nf1 Qc7 14. Ng3 Rfd8 15. Qe2 Bf8 16. Rad1 Bc6 17. Bxa6 Nxe4 18. Nxe4 Bxe4 19. Bb5 d5 20. Ne5 Bd6 21. h3 Bf5 22. Nc6 Rdc8 23. c4 dxc4 24. Qxc4 cxd4 25. Qxd4 Bc5 26. Qd7 Bc2 27. Qxc7 Rxc7 28. Rd8+ Rxd8 29. Nxd8 Bb3 30. Nc6 Bd5 31. Ne5 Bd4 32. Nd3 Rc2 33. b4 f6 34. Kf1 Bc3 35. Rd1 g5 36. f3 Kf7 37. Rb1 h5 38. Nf2 f5 39. Be2 Ke7 40. Bd3 Ra2 41. Bb5 g4 42. hxg4 hxg4 43. Rc1 gxf3 44. gxf3 Bd4 45. Rc7+ Kf6 46. Be2 Bxf3 0-1

[Event "World op 44th"]
[Site "Philadelphia"]
[Date "2016.07.03"]
[Round "7"]
[White "Kretchetov, Alexandre"]
[Black "Lapshun, Yury"]
[Result "0-1"]
[WhiteElo "2246"]
[BlackElo "2438"]
[PlyCount "114"]
[EventDate "2016.06.30"]
[EventType "swiss"]
[EventRounds "9"]
[EventCountry "USA"]
[SourceTitle "CBM 173 Extra"]
[Source "ChessBase"]
[SourceDate "2016.08.29"]
[SourceVersion "1"]
[SourceVersionDate "2016.08.29"]
[SourceQuality "1"]

1. e4 c5 2. Nf3 Nc6 3. Bb5 g6 4. Bxc6 bxc6 5. 0-0 Bg7 6. Re1 e5 7. c3 d6 8. d4 cxd4 9. cxd4 exd4 10. Nxd4 Ne7 11. Nc3 0-0 12. Bg5 Bb7 13. Qd2 Re8 14. Rad1 Qc7 15. Qf4 Be5 16. Qh4 Bxd4 17. Bxe7 Bxc3 18. Bxd6 Qxd6 19. Rxd6 Bxe1 20. Qf6 Bc8 21. h4 Bb4 22. Rd8 Be6 23. Rxa8 Rxa8 24. f4 Bf8 25. f5 Bg7 26. Qg5 Bxa2 27. h5 h6 28. Qg3 gxf5 29. exf5 Kh8 30. b3 a5 31. f6 Bf8 32. Qc7 a4 33. Qxc6 Ra5 34. b4 Rg5 35. Qxa4 Bc4 36. Qc6 Bb5 37. Qc8 Kg8 38. Kf2 Rxh5 39. g4 Rg5 40. Kf3 Ba4 41. Qd8 Bc6+ 42. Kg3 Rb5 43. Kf2 Rxb4 44. Kg3 Ba4 45. g5 h5 46. g6 Rg4+ 47. Kh3 Rxg6 48. Kh4 Rh6 49. Qd4 Bc2 50. Qd8 Bg6 51. Qb8 Rh8 52. Qd8 Kh7 53. Qc7 Bh6 54. Qd7 Rb8 55. Qd6 Rb5 56. Qd7 Rf5 57. Qe7 Bg5+ 0-1

[Event "Panevezys op-A 28th"]
[Site "Panevezys"]
[Date "2015.08.23"]
[Round "9"]
[White "Lapshun, Yury"]
[Black "Laurusas, Tomas"]
[Result "1/2-1/2"]
[WhiteElo "2439"]
[BlackElo "2421"]
[PlyCount "75"]
[EventDate "2015.08.17"]
[EventType "swiss"]
[EventRounds "9"]
[EventCountry "LTU"]
[SourceTitle "EXT 2016"]
[Source "ChessBase"]
[SourceDate "2015.10.08"]
[SourceVersion "1"]
[SourceVersionDate "2015.10.08"]
[SourceQuality "1"]

1. e4 c5 2. Nc3 a6 3. g3 b5 4. Bg2 Bb7 5. d3 e6 6. f4 d6 7. Nf3 Nf6 8. 0-0 Nc6 9. h3 Be7 10. g4 Qc7 11. f5 Nd7 12. Ne2 Nde5 13. Nf4 Qd7 14. c3 0-0-0 15. d4 Nxf3+ 16. Bxf3 e5 17. Nd5 Kb8 18. Nxe7 Nxe7 19. Be3 exd4 20. cxd4 cxd4 21. Qxd4 Nc6 22. Qxg7 Ne5 23. Bg2 h5 24. g5 Qe7 25. Kh2 Rhg8 26. Qf6 Qxf6 27. gxf6 Nc4 28. Bd4 Rde8 29. Rf4 Nd2 30. Re1 Nxe4 31. Bf3 Nxf6 32. Rxe8+ Nxe8 33. Bxb7 Kxb7 34. Re4 Kc6 35. Re7 f6 36. Re6 Rf8 37. Re7 Rg8 38. Re6 1/2-1/2

[Event "Panevezys op-A 28th"]
[Site "Panevezys"]
[Date "2015.08.17"]
[Round "1"]
[White "Lapshun, Yury"]
[Black "Doluhanova, Evgeniya"]
[Result "1-0"]
[WhiteElo "2439"]
[BlackElo "2200"]
[PlyCount "71"]
[EventDate "2015.08.17"]
[EventType "swiss"]
[EventRounds "9"]
[EventCountry "LTU"]
[SourceTitle "EXT 2016"]
[Source "ChessBase"]
[SourceDate "2015.10.08"]
[SourceVersion "1"]
[SourceVersionDate "2015.10.08"]
[SourceQuality "1"]

1. d4 Nf6 2. Nf3 e6 3. Bg5 h6 4. Bxf6 Qxf6 5. e4 b6 6. Bd3 Bb7 7. Nbd2 c5 8. e5 Qd8 9. Be4 Qc7 10. c3 Be7 11. 0-0 Nc6 12. d5 exd5 13. Bxd5 Nd8 14. Nc4 Bxd5 15. Qxd5 Qc6 16. Qd2 Ne6 17. Rad1 Rd8 18. Rfe1 0-0 19. Re3 Nf4 20. Ree1 Bg5 21. Qd6 Qa4 22. b3 Qxa2 23. h4 Qxb3 24. Ne3 Nh3+ 25. gxh3 Bxe3 26. Rxe3 Rfe8 27. Red3 Re6 28. Qc7 Rg6+ 29. Kh2 Rf8 30. Qxd7 Qc4 31. Qf5 a5 32. h5 Rc6 33. Rd8 Re6 34. Rxf8+ Kxf8 35. Qh7 Re8 36. Rd7 1-0